000 00262nam a22001097a 4500
008 170112b xxu||||| |||| 00| 0 eng d
020 _a0201092700
041 _aeng
080 _a618.2
245 _aESSENTIALS OF MENTAL HEALTH NURSING
_cCOOK, J.S
942 _2udc
_cBK
999 _c2804
_d2804